First pick NFL Draft 2006-2020 - Statistics

Estatísticas Gerais
  • Esse quiz foi jogado 174 vezes
  • A pontuação média é 7 de 15
Estatísticas das Respostas
ano Player % Correto
2020 Joe Burrow
88%
2018 Baker Mayfield
78%
2019 Kyler Murray
74%
2017 Myles Garrett
63%
2011 Cam Newton
58%
2016 Jared Goff
58%
2009 Matthew Stafford
51%
2012 Andrew Luck
49%
2015 Jameis Winston
47%
2013 Eric Fisher
36%
2014 Jadeveon Clowney
36%
2007 JaMarcus Russell
36%
2010 Sam Bradford
25%
2006 Mario Williams
23%
2008 Jake Long
22%
Nenhum quiz correspondente encontrado
Distribuição das Pontuações
Porcentagem de Pessoas com Cada Pontuação
Percentil de Números Respondidos
Sua Pontuação Histórica
Você não jogou esse quiz